000 00501nam a2200181Ia 4500
001 18633
005 20260306171645.0
008 260306s9999||||xx |||||||||||||| ||und||
041 _aESP
082 _a658.4092
_bL535
100 _aLencioni, Patrick
_eAUT
245 0 _aLas cinco disfunciones de un equipo:
_bun inteligente modelo para formar un equipo cohesionado y eficaz
260 _c2003
300 _a215 páginas :
_c21 cm.
650 _aGEN
654 _aCAN
942 _cLIB
_dJUS
_fJUS
_2ddc
_n
999 _c18633
_d18633